000 01104nam0a2200325 4500
001 RU\NLR\BIBL_A\022662478
005 20260212161421.0
010 _a978-5-389-28723-5
_93000
021 _aRU
_bКН-П-25-058376
_9КН-П-25-5623
035 _a(NLR Aleph) 022662478
090 _a13551911
_c13551911
100 _a20251110d2025 u y0rusy50 ca
101 1 _arus
_ceng
102 _aRU
105 _ay z 000ay
181 0 _ai4
_baxxe
182 0 _an
200 1 _aШаги между нами
_eроман
_fАна Майя
_gперевод с английского Екатерины Фокиной
203 _aТекст
_bвизуальный
_cнепосредственный
210 _aСанкт-Петербург
_cАзбука
_d2025
215 _a312, [4] с.
_d21
225 1 _aАзбука-бестселлер
333 _a18+
686 1 _aШ6(4Ю)417.7-440.4{Лх1199-50}
700 1 _aМайя
_bА.
_gАна
_3RU\NLR\AUTH\770289692
942 _cBOOK
980 _aNB